ANIME BY THEIR TERRIBLE DESCRIPTION 3 - Statistics

General Stats
  • This quiz has been taken 157 times
  • The average score is 4 of 18
Answer Stats
Hint Answer % Correct
Gojo lookin’ guy lives in a world where ghouls and humans coexist Tokyo Ghoul
70%
Sad, depressed man-child gets a girlfriend from a website Rent A Girlfriend
60%
Blue haired kid plays basketball Kuroko’s Basket
58%
Boxer fights because of his idol Hajime no Ippo
37%
Kid goes back in time to make his mom not die like Flash Erased
35%
Crazy isekai where a dude gets sent to another world from a store Re:Zero
31%
Bunch of people can become animals but are too busy making plays Fruits Basket
30%
Ripoff of Death Note but with a diary(totally different guys) Future Diary
29%
Kids look for something but SEASON 2 SUCKS ITS HORRIBLE Promised Neverland
28%
People go back in time and create CRAZY MISTAKES GUYS Steins;Gate
28%
Blue haired guy and brown haired girl fall in love with WACKY SHENANIGANS Toradora
12%
Bro what?(DO THE HINT RIGHT NOW) uh, isekai with Joker’s friend and shark Suicide Squad Isekai
5%
Assassin clan recruits a guy to fight for them Akame ga Kill!
4%
Mystery where robots can’t kill people and there’s investigation Pluto
3%
Students use magic at a school with a black cat and weird people Persona
2%
Elf goes on a journey to fight a demon Sousou no Frieren
2%
Girl goes to a scary place in the middle of nowhere Made in Abyss
1%
Anime where two bad people fall in love but the animation is trash and the author hates it Kare Kano
0%
No matching quizzes found
Score Distribution
Percent of People with Each Score
Percentile by Number Answered
Your Score History
You have not taken this quiz